| 000 | 01043nam a22003017a 4500 | ||
|---|---|---|---|
| 001 | 7722 | ||
| 003 | FISKH | ||
| 005 | 20250815124341.0 | ||
| 008 | 250801b cb ||||| |||| 00| 0 eng d | ||
| 020 | _a9780590451628 | ||
| 040 |
_aFISKH _beng _cFISKH _dFISKH |
||
| 050 | _aE99.D1 M125 | ||
| 082 | _a970.3 | ||
| 100 | _aMcGovern, Ann | ||
| 245 |
_aIf you lived with the Sioux Indians / _cBy Ann McGovern : Illustrated by Jean Syverud Drew |
||
| 250 | _aThis edition first printing, September 2006 | ||
| 260 |
_aNew York : _bScholastic , _c1974. |
||
| 300 |
_a80 pages : _bcolor illustrations ; _c19 X 23 cm . |
||
| 490 | _aIf you .... | ||
| 520 | _aDescribes the daily life of the Sioux Indians--their clothing, food, games, customs, etc.--before and after the coming of the white man. | ||
| 650 | _aAmerican history | ||
| 650 |
_aNative American _vNon-fiction |
||
| 650 |
_aSioux _vNon-fiction |
||
| 650 |
_aSouth Dakota _vNon-fiction |
||
| 700 |
_aDrew, Jean Syverud _eIllustrator |
||
| 942 |
_2ddc _cBK _n0 |
||
| 999 |
_c7722 _d7722 |
||